01638cam a22003494i 4500003000900000005001700009008004100026035001900067040003300086082002100119100002800140245010900168264004500277300002700322336002100349337002500370338002300395505072800418526000901146526000901155526000901164526000901173526000901182526000901191526000801200526000801208526000801216526000801224526000801232526000801240650004001248PE-LiUPU20250731184508.0150617s r 000 0 d a(Sirsi) a14954 aPE-LiUPUbspacPE-LiUPUerda04a910.827bM272211 aMassa, Lorenzo,eautor.10aMonografía de Magallanes, sesenta años de acción Salesiana en el sur 1886 - 1946 /cLorenzo Massa. 1aPunta Arenas, Chile :bDon Bosco,c1946. a530 páginas ;c25 cm atext2rdacontent aunmediated2rdamedia avolume2rdacarrier0 aEl estrecho de Magallanes. -Navegantes y exploradores que cruzaron o tocaron el estrecho de Magallanes desde el siglo XVI hasta el siglo XVIII. -Exploradores del estrecho de Magallanes y regiones colindantes en el siglo XIX, y en los primeros años del siglo XX. -Exploraciones del teritorio de Magallanes y regiones del estrecho, llevadas a cabo por marinos sabios chilenos en el siglo XIX y en los primeros años del siglo XX. -Desde la fundación del fuerte Bulnes, hasta el motín de los artilleros. -Gobernadores del teritorio de Magallanes, después del motín de los artilleros, hasta 1928 - intendentes de la provincia de Magallanes hasta 1945. -Estadísticas y records Magallánicos principales industrias. aP136 aP135 aP134 aP133 aP144 aP143 aP87 aP35 aP20 aP14 aP10 aP0604aESTRECHO DE MAGALLANES (1886-1946).